| 000 | 00971cam a22003015i 4500 | ||
|---|---|---|---|
| 001 | 12921984 | ||
| 003 | EG-ScBUE | ||
| 005 | 20251209092810.0 | ||
| 008 | 011011t2001 enka f b 001 0 eng d | ||
| 020 | _a0854046526 (pbk.) | ||
| 020 | _a9780854046522 | ||
| 040 |
_aEG-ScBUE _beng _erda _cEG-ScBUE _dEG-ScBUE |
||
| 082 | 0 | 4 |
_222 _a547.59 _bSAI |
| 100 | 1 |
_aSainsbury, Malcolm, _939610 _eauthor. |
|
| 245 | 1 | 0 |
_aHeterocyclic chemistry / _cM. Sainsbury, University of Bath. |
| 264 | 1 |
_aCambridge : _bRoyal Society of Chemistry, _c[2001] |
|
| 264 | 4 | _cc2001 | |
| 300 |
_avi, 142 pages : _billustrations ; _c25 cm. |
||
| 336 |
_2rdacontent _atext _btxt |
||
| 337 |
_aunmediated _2rdamedia _bn |
||
| 338 |
_avolume _bnc _2rdacarrier |
||
| 490 | 0 |
_aTutorial chemistry texts ; _v8 |
|
| 504 | _aIncludes bibliographical references and index. | ||
| 650 | 7 |
_aHeterocyclic chemistry. _2BUEsh _939611 |
|
| 653 |
_bPPhrm _cMarch2016 |
||
| 655 | _vReading book | ||
| 942 |
_2ddc _cBB |
||
| 999 |
_c21459 _d21431 |
||